| 000 | 00718nam a2200217 a 4500 | ||
|---|---|---|---|
| 005 | 20221110063803.0 | ||
| 008 | 991125s1986 bar 000 0 spa u | ||
| 020 | _a8425414547 | ||
| 035 | _aUPN01000032267 | ||
| 049 | _aCG | ||
| 050 | 4 |
_aBF202 _bW4.48 |
|
| 100 | 1 | _aWehner, Ernst G. | |
| 245 | 1 | 0 |
_aIntroducción a la psicología empírica / _cErnst G. Wehner ; tr. del alemán por Alfredo Guera Miralles. |
| 260 |
_aBarcelona, Esp. : _bHerder, _c1986. |
||
| 300 | _a215 p. | ||
| 440 | 0 |
_aBiblioteca de psicología ; _v134 |
|
| 590 | _aBibliografía Básica (BGTQ) | ||
| 590 | 0 | _a(También localizas un ejemplar en el "Área de Reserva") | |
| 650 | 2 |
_aPsicología _xEstudio y enseñanza _912150 |
|
| 905 | _aLibro | ||
| 999 |
_c32267 _d32267 |
||